|
|
|
|
| LEADER |
01834nam a2200349 a 4500 |
| 001 |
29459 |
| 003 |
BD-DhAAL |
| 005 |
20150802115343.0 |
| 008 |
150802s2011 mnua b s001 0 eng |
| 010 |
|
|
|a 2011017082
|
| 020 |
|
|
|a 9788125045076
|
| 020 |
|
|
|a 9780816673834 (hc : alk. paper)
|
| 020 |
|
|
|a 9780816673841 (pb : alk. paper)
|
| 040 |
|
|
|a DLC
|c DLC
|d DLC
|d BD-DhAAL
|
| 042 |
|
|
|a pcc
|
| 043 |
|
|
|a a-ii---
|
| 050 |
0 |
0 |
|a DS485.M9
|b N345 2011
|
| 082 |
0 |
0 |
|a 954.87
|2 22
|
| 100 |
1 |
|
|a Nair, Janaki.
|9 13428
|
| 245 |
1 |
0 |
|a Mysore modern :
|b rethinking the region under princely rule /
|c Janaki Nair.
|
| 260 |
|
|
|a Minneapolis ;
|a New Delhi :
|b University of Minnesota Press ;
|b Orient BlackSwan,
|c 2011.
|
| 300 |
|
|
|a x, 357 p. :
|b ill. ;
|c 23 cm.
|
| 504 |
|
|
|a Includes bibliographical references (p.327-344) and index.
|
| 505 |
0 |
|
|a Introduction: reconceptualizing the modern, the region, and princely rule -- Tipu Sultan's war colors and the battle for perspective -- An illusion of permanence: visualizing legitimacy in Mysore -- Srirangapatna: capital city to topography of conquest -- The museumized cityscape of Mysore -- K. Venkatappa and the fashioning of a Mysore modern in art -- The illicit in the modern: banning the devadasi -- The licit in the modern: protecting the child wife -- Giving the state a nation: revisiting Karnataka's reunification.
|
| 541 |
|
|
|e 29459
|
| 651 |
|
0 |
|a Karnataka (India)
|x Politics and government.
|9 12402
|
| 651 |
|
0 |
|a Karnataka (India)
|x History.
|9 13429
|
| 651 |
|
0 |
|a Karnataka (India)
|x Social conditions.
|9 12401
|
| 651 |
|
0 |
|a India
|x History
|y British occupation, 1765-1947.
|9 13430
|
| 942 |
|
|
|2 ddc
|c BK
|
| 999 |
|
|
|c 35126
|d 35126
|
| 952 |
|
|
|0 0
|1 0
|2 ddc
|4 0
|6 954_870000000000000_NAR
|7 0
|9 55073
|a BRACUL
|b BRACUL
|c GEN
|d 2015-08-02
|l 2
|m 2
|o 954.87 NAR
|p 3010029459
|r 2017-03-30
|s 2017-03-12
|t 1
|w 2015-08-02
|y BK
|